000 00898nam a2200205Ia 4500
001 21387
003 GE_BSU
008 181216s||||||||xx |||||||||||||| ||und||
040 _cGE_BSU
080 _aპერიოდიკა
245 _aაუდიტი, აღრიცხვა, ფინანსები. №9(213) 2017.
245 _bყოველთვიური ჟურნალი მეწარმეებისა და ფინანსისტებისათვის
245 _cგენ.დირ.ფრიდონ ალშიბაია,მთ.რედ.გიორგი ცერცვაძე.
260 _aთბილისი
260 _c2017
300 _a56 გვ. 30სმ.
653 _aაუდიტი, აღრიცხვა, ფინანსები. №9(213) 2017.
653 _aპერიოდიკა
942 _cCR
999 _c54331
_d54331